Memòria : ... / Institut Cartogràfic de Catalunya ... / Institut Cartogràfic de Catalunya
Publicado:
Barcelona :
Generalitat de Catalunya. Departament de Política Territorial i Obres Públiques. Institut Cartogràfic de Catalunya ,
1986
Descripción Física:
7 v. ; 24 cm
MARC
| LEADER | 00000nam a2200000Ia 4500 | ||
|---|---|---|---|
| 001 | 7577, 7994, 9110, 9089, 9527, 9784, 10177 | ||
| 008 | 160829s1986 - 1993 xx 000 0 cat d | ||
| 080 | |a H-1-89, H-1-90, H-1-91, H-1-92, H-1-93, H-1-94, H-1-95 | ||
| 110 | 2 | |a Institut Cartogràfic de Catalunya |9 53041 | |
| 245 | |a Memòria : |b ... / Institut Cartogràfic de Catalunya | ||
| 260 | |a Barcelona : |b Generalitat de Catalunya. Departament de Política Territorial i Obres Públiques. Institut Cartogràfic de Catalunya, |c 1986 - 1993 | ||
| 300 | |a 7 v. ; |c 24 cm | ||
| 650 | |a Institut Cartogràfic de Catalunya |x Memòries |9 30019 | ||
| 710 | |a Catalunya. |b Departament de Política Territorial i Obres Públiques |9 53042 | ||
| 866 | |a 1985, 1987, 1988, 1989, 1990, 1991, 1992 | ||
| 901 | |a Arxiu | ||
| 942 | |n 1 | ||
| 952 | |0 0 |1 0 |4 0 |6 H189_H190_H191_H192_H193_H194_H195 |7 1 |9 45219 |a Arxiu |b Arxiu |d 2016-12-01 |l 0 |o H-1-89, H-1-90, H-1-91, H-1-92, H-1-93, H-1-94, H-1-95 |p 7577, 7994, 9110, 90 |r 2016-12-01 00:00:00 |w 2016-12-01 |y ARXIU | ||
| 999 | |c 48293 |d 48293 | ||